02987nam a2200265Ia 4500003000400000005001700004008004100021040002100062041001300083082002500096100004200121245010500163250002200268260007800290300002900368500010600397504003800503505007200541520188200613546002802495651005202523942001202575999001502587952011902602OSt20211021161312.0210310s1973 mx fr 001 0 spa d aCO-JMCRcCO-JMCR1 aspaheng04a338.098 /bW776d2231 aWinnie JR., William W.,917900eautor10aDesarrollo latinoamericano : benfoque teórico, operativo y por sectores / cWilliam W. Winnie JR. aPrimera edición aMéxico : bEditorial Diana : Centro Regional de Ayuda Técnica, c1973 a283 páginas ; c22 cm. aTítulo original: Latin american development Incluye notas a pie de página e índice analítico. aBibliografía: páginas 275-2790 aEnfoque teórico -- Enfoque por sectores -- Enfoque de operaciones3 aEntre los países del Tercer Mundo, Latinoamérica atrae especialmente la atención por su singular fraternidad de origen y de idioma, por su situación geográfica, por su abundante población y por la similitud entre algunos de sus problemas más importantes. DESARROLLO LATINOAMERICANO es un estudio serio, imparcial, a fondo, patrocinado y llevado al cabo por especialistas, no sólo en la materia, sino en los problemas específicos de la región. El objeto de la obra no es únicamente plantear con claridad los problemas, sino también aprovechar como modelos de posibles soluciones aquellos intentos y esfuerzos cuya eficacia ha sido demostrada. Evidentemente no es una obra "triunfalista", escrita con ese tipo de exaltación que a nada conduce. Tampoco es una crítica derrotista. Se trata de un examen sereno y objetivo, que sabe apreciar todos los factores positivos y proponer formas concretas para su aprovechamiento. Se inicia con una exposición de conceptos que sirve de base a la aplicación práctica posterior, que adopta a su vez un enfoque por regiones en el que analiza todos los elementos: recursos humanos, ciencia y tecnología, educación, industria, fomento rural, urbanización, etc., y concluye con un examen de las perspectivas de acción directa. Es evidente la importancia que en el conjunto de las naciones tiene un grupo tan numeroso de países, que cubre una gran superficie del globo, donde hay reservas natura les y materias primas de toda clase. El desarrollo de América Latina es un complejo problema que interesa ante todo a las mismas jóvenes naciones que buscan el lugar que les corresponde en la comunidad internacional, pero interesa también a ésta en su totalidad, porque gran parte de las esperanzas para el fu turo del mundo descansa en la feliz evolución y aprovechamiento de este rico continente aTraducido del inglés. 2aAmérica LatinaxPolítica económica936232 2ddccBK c8654d8654 00102ddc40708NFICaCPLbCPLd2018-04-15eDonacióno338.098 / W776dp430005603r2024-05-16 00:00:00tEj.1yBK